| 000 | 00730nam a2200217 a 4500 | ||
|---|---|---|---|
| 999 |
_c6958 _d6958 |
||
| 001 | 6958 | ||
| 003 | BD-JhCC | ||
| 005 | 20180203100405.0 | ||
| 008 | 180203s2000 bg |||| ||a| 000 0 ben d | ||
| 035 | _a(BD-JhCC)6958 | ||
| 040 |
_aBD-JhCC _dBD-JhCC |
||
| 041 | _aben | ||
| 082 |
_a920 _bSAR 2000 |
||
| 100 | _aসরকার, মোনায়েম | ||
| 245 |
_aইতিহাসের আলোকে বাঙালি জাতীয়তার বিকাশ ও বঙ্গবন্ধু / _cমোনায়েম সরকার, |
||
| 260 |
_aঢাকা : _bআগামী প্রকাশনী, _c2000 |
||
| 300 |
_a104 p. : _c22 cm. |
||
| 650 | _aBiographics | ||
| 942 |
_2ddc _cBK |
||